One Word 'H' Movies Quiz Stats

Quiz Updated Jun 1, 2016

Challenge
Share
Tweet
Score 0/24 Timer 07:00
1 Play Today
% Correct
Hook
98.3%
Hercules
97.1%
Hairspray
88.8%
Hellboy
86.4%
Hitch
76%
Hancock
71.2%
Hitchcock
68.2%
Her
66.9%
Halloween
64.6%
Holes
64.5%
Hellraiser
60.6%
Hoosiers
57.2%
% Correct
Hugo
56.5%
Highlander
49.7%
Heat
49.3%
Heathers
44.5%
Hidalgo
40%
Hamlet
37.5%
Hackers
35.5%
Hanna
35.1%
Hoffa
34.9%
Harvey
33.7%
Hair
32%
Hostel
30.5%

You're not logged in!

Compare scores with friends on all Sporcle quizzes.
Sign Up with Email
OR
Log In

You Might Also Like...

Show Comments

Extras

Top Quizzes Today


Score Distribution

Your Account Isn't Verified!

In order to create a playlist on Sporcle, you need to verify the email address you used during registration. Go to your Sporcle Settings to finish the process.